000 01255nmm a2200349 a 4500
001 ocm000578353
003 TR-IsHL
005 20201028120251.0
008 130625s2012 tu tur
007 cr cn
020 _a9786055506902
035 _a578353
_b(N$T)
050 0 4 _aDR27.M87
_bE44 2012
090 0 4 _aDR27.M87
_bE44 2012
100 1 _aEmgili, Fahriye
245 1 0 _aYeniden kurulan hayatlar: Boşnakların Türkiye'ye göçleri (1878-1934).
_h[electronic resource] /
_cFahriye Emgili
250 _a1. bs.
260 _aİstanbul :
_bBilge Kültür Sanat,
_c2012
300 _a520 p.
650 4 _aTarih
650 4 _aHistory
650 0 _aBosna ve Hersek
_x Tarih
_x 878-1934
650 0 _aBosnia and Hercegovina
_x History
_x 1878-1934
650 0 _aMüslümanlar
_x Balkan Yarımadası
_x Tehcir
650 0 _aMuslims
_x Balkan Peninsula
_x Relocation
650 0 _aMüslümanlar
_x Bosna ve Hersek
650 0 _aMuslims
_x Bosnia and Hercegovina
650 0 _aTürkiye
_x Göç ve göçmenlik
650 0 _aTurkey
_x Emigration and immigration
650 7 _aSOCIAL SCIENCE / Emigration & Immigration
_2bisacsh
856 4 0 _uhttp://search.ebscohost.com/login.aspx?direct=true&scope=site&db=e011xww&AN=578353
999 _c695
_d695